| 000 | 00614nam a2200241 a 4500 | ||
|---|---|---|---|
| 003 | AR-BaBNM | ||
| 005 | 20251128210232.0 | ||
| 008 | 082120s2002 ||||||||||||||000 | spa|| | ||
| 020 | _a84-206-4666-0 | ||
| 040 | _cAR-BaBNM | ||
| 100 | 1 | _aMonterroso, Augusto | |
| 245 | 0 | 0 | _aEl eclipse y otros cuentos |
| 260 |
_aMadrid _bAlianza Editorial _c1995 |
||
| 300 | _a63 p. | ||
| 490 | 0 |
_aAlianza Cien _vv. 66 |
|
| 650 | 4 | _aLITERATURA LATINOAMERICANA | |
| 653 | _aNARRATIVA | ||
| 653 | _aLITERATURA FANTASTICA | ||
| 653 | _aLITERATURA GUATEMALTECA | ||
| 655 | _aLITERATURA | ||
| 942 | _cBK | ||
| 998 | _cMARTIN | ||
| 999 |
_c14609 _d14609 |
||